Historia Universal (Registro nro. 3140)

Detalles MARC
000 -LEADER
fixed length control field 02003 a2200205 4500
001 - CONTROL NUMBER
control field 39907
005 - DATE AND TIME OF LATEST TRANSACTION
control field 20260407155655.0
008 - FIXED-LENGTH DATA ELEMENTS--GENERAL INFORMATION
fixed length control field 260407a1958 arg spa d
003 - CONTROL NUMBER IDENTIFIER
control field AR-UNSa-BCEJYS
040 ## - CATALOGING SOURCE
Original cataloging agency AR-UNSa-BCEJYS
Language of cataloging spa
Transcribing agency AR-UNSa-BCEJYS
080 ## - UNIVERSAL DECIMAL CLASSIFICATION NUMBER
Universal Decimal Classification number 930.85
Common auxiliary subdivision Historia de la civilización. Historia de la cultura
100 1# - MAIN ENTRY--PERSONAL NAME
Personal name Valentin, Veit
245 10 - TITLE STATEMENT
Title Historia Universal
Name of part/section of a work los pueblos, los hombres, las ideas
250 ## - EDITION STATEMENT
Edition statement 6a. ed
264 #1 - PRODUCTION, PUBLICATION, DISTRIBUTION, MANUFACTURE, AND COPYRIGHT NOTICE
Place of production, publication, distribution, manufacture Buenos Aires :
Name of producer, publisher, distributor, manufacturer Sudamericana
Date of production, publication, distribution, manufacture, or copyright notice 1958
300 ## - PHYSICAL DESCRIPTION
Extent 3 v.
Dimensions 25 cm.
505 ## - FORMATTED CONTENTS NOTE
Formatted contents note Vol. I: 1. La tarea propuesta - 2. Prehistoria - 3. Los primitivos - 3. La antigua india - 4. La antigua china - 5. Egipto - 6. Estados y culturas del asia anterior - 6. Estados y culturas del asia anterior - 7. El mundo griego - 8. Roma - 9. Evolución del imperio romano, el cristianismo.El mundo germanico - - 10. Los señoris germanicos.Bizancio - 11. India y china. El islam - 12. Carlomagno - 13. La genesis de los señorios particulares europeos y la prepotencia - 14. La epoca de las cruzadas - 15. La cultura del feudalismo en europa - 16. Comienzos del renacimiento italiano - 17. La europa occidental y cntral antes de la reforma - 18. Expansión asiatica. La americana prehispanica.Exploraciones europeas. El descubrimiento - 19. La época de carlos quinto.Alto renacimiento y reforma - 20. La contrareforma -- Vol. II: 1. La gran guerra de europa.Richelieu. La revolución inglesa - 2. La época de luis XIV - 3. La ilustración - 4. Asia y áfrica. La revolución americana - 5. La gran revolución francesa - 6. Napoleon - 7. Las luchas del liberalismo - 8. La revolución europea.La contrarevolución - Vol. III: 1. Epoca de Napoléon III y de la fundación de imperio por bismarck - 2. La genesis del imperialismo - 3. Política mundial, guerra mundial, revolución mundial - 4. Las fuerzas dinámicas del presente - 5. La segunda guerra mundial - 6. La posguerra - 7. El mundo de hoy.
590 ## - LOCAL NOTE (RLIN)
Local note niveau_biblio:m niveau_hierar:0
942 ## - ADDED ENTRY ELEMENTS (KOHA)
Koha item type
Existencias
Withdrawn status Lost status Damaged status Not for loan Home library Current library Shelving location Date acquired Total checkouts Full call number Barcode Date last seen Price effective from Koha item type
        Biblioteca Prof. Eusebio Cleto del Rey Biblioteca Prof. Eusebio Cleto del Rey   07/04/2026   930.85 V152 v.1 L20751 07/04/2026 07/04/2026 Libro
        Biblioteca Prof. Eusebio Cleto del Rey Biblioteca Prof. Eusebio Cleto del Rey   07/04/2026   930.85 V152 v.2 L20749 07/04/2026 07/04/2026 Libro
        Biblioteca Prof. Eusebio Cleto del Rey Biblioteca Prof. Eusebio Cleto del Rey   07/04/2026   930.85 V152 v.3 L20750 07/04/2026 07/04/2026 Libro